02122nam a2200277uu 4500001000800000005001700008008004100025035001200066040001300078041000800091080000800099100004300107245012000150260004300270300001700313520125000330650002801580650003101608650003001639650002701669650003801696700004401734700004601778502001201824526000801836125193620260508071406.0110812e20110812 ||||||m| spa  a1251936 ccomduadb aspa aPIA10aCastro Gallo, Carlos Eduardo4auteaut10aEstudios eléctricos especiales: Calidad de la energía. Protección contra rayos y sistemas de puestas a tierra aMedellín :b[sin publicador],c2011. a30 páginas3 aLa necesidad de proveer seguridad y protección a las personas, equipos, estructuras y animales, por los peligros que representan las descargas atmosféricas y todas las consecuencias que estas conllevan, obligan a que hoy en día tanto en construcciones antiguas que no contaban con sistemas de apantallamiento y en las edificaciones nuevas sea primordial contar con sistemas de protección contra rayos y puestas a tierra. La aplicación del Reglamento Técnico de Instalaciones Eléctricas RETIE es absolutamente necesaria para el diseño y el montaje de estos sistemas de protección, por tanto, un buen conocimiento de dicho reglamento ayuda a un óptimo desarrollo de los proyectos. Además el tema de la calidad de la energía como un conjunto de características físicas de las señales de tensión y corriente, para un tiempo dado y un lugar determinado, que tiene el propósito de satisfacer necesidades del cliente cobra vital importancia hoy en día en todas las empresas, dado que económica y técnicamente un suministro de energía eléctrica con características de continuidad, disponibilidad y confiabilidad se ve reflejado en la eficiencia y la productividad que a su vez se transforman en utilidades. aCalidad de la energía aSistema de puesta a tierra aProtección contra rayos aCalidad de la potencia aPregrado ingeniería eléctrica10aCadavid Carmona, Diego Raúl4thseths10aAgudelo Osorio, César Augusto4thseths b172c17 a174